Tallest buildings throughout history - Statistics

General Stats
  • This quiz has been taken 490 times
  • The average score is 7 of 17
Answer Stats
Period Tallest building % Correct
2009 - ? Burj Khalifa
92%
1931 - 1972 Empire State Building
92%
2560 BC - 1300 AD Great Pyramid of Giza
84%
1899 - 1930 Eiffel Tower
82%
1998 - 2004 Petronas Towers
68%
1972 - 1974 World Trade Center
65%
2004 - 2009 Taipei 101
62%
1930 - 1931 Chrysler Building
55%
1974 - 1998 Sears Tower
55%
1880 - 1884 Cologne Cathedral
29%
1300 - 1549 Lincoln Cathedral
16%
1884 - 1899 Washington Monument
13%
1876 - 1880 Rouen Cathedral
4%
1647 - 1874 Strasbourg Cathedral
3%
1625 - 1647 St. Mary's Church
2%
1874 - 1876 St. Nicholas' Church
1%
1549 - 1625 St. Olaf's Church
1%
No matching quizzes found
Score Distribution
Percent of People with Each Score
Percentile by Number Answered
Your Score History
You have not taken this quiz